現存する神田○○町 - Statistics

General Stats
  • This quiz has been taken 7 times
  • The average score is 12 of 31
Answer Stats
Answer % Correct
神田神保町
100%
神田小川町
100%
神田淡路町
83%
神田猿楽町
67%
神田駿河台
67%
神田和泉町
67%
神田多町
50%
神田鍛冶町
50%
神田須田町
50%
神田岩本町
50%
神田相生町
50%
神田佐久間町
50%
神田練塀町
50%
神田三崎町
33%
神田錦町
33%
神田司町
33%
神田北乗物町
33%
神田西福田町
33%
神田佐久間河岸
33%
神田平河町
33%
神田美土代町
17%
神田紺屋町
17%
神田富山町
17%
神田美倉町
17%
神田東松下町
17%
神田花岡町
17%
神田松永町
17%
内神田
0%
外神田
0%
東神田
0%
西神田
0%
No matching quizzes found
Score Distribution
Percent of People with Each Score
Percentile by Number Answered
Your Score History
You have not taken this quiz